Tìm hiểu hiện trạng sử dụng tài nguyên đất nông nghiệp ở huyện Hương Sơn - tỉnh Hà Tỉnh. Định hướng và một số giải pháp sử dụng đất trong sản xuất nông nghiệp đến năm 2015
Cơ sở lí luận. Thực trạng sử dụng đất nông nghiệp và các nhân tố ảnh hưởng đến việc sử dụng đất nông nghiệp của huyện Hương Sơn. Định hướng và một số giải pháp sử dụng đất trong sản xuất nông nghiệp của huyện Hương Sơn đến năm 2015...
Kaydedildi:
| Yazar: | |
|---|---|
| Diğer Yazarlar: | |
| Materyal Türü: | Kitap |
| Dil: | Vietnamese |
| Baskı/Yayın Bilgisi: |
Đại học Đà Nẵng
Trường Đại học Sư phạm
2010
|
| Seri Bilgileri: | Khóa luận tốt nghiệp Đại học. Chuyên ngành: Sư phạm Địa lý
|
| Konular: | |
| Etiketler: |
Etiketle
Etiket eklenmemiş, İlk siz ekleyin!
|
| Thư viện lưu trữ: | Mạng thư viện Đại học Đà Nẵng |
|---|
| LEADER | 01842nam a2200349 4500 | ||
|---|---|---|---|
| 001 | 000011129 | ||
| 003 | 7360 | ||
| 005 | 20120202090236.0 | ||
| 008 | 120202s2010 viesd | ||
| 041 | |a vie | ||
| 072 | |a Khóa luận tốt nghiệp | ||
| 082 | |a 333.76 |b LÊ-A | ||
| 100 | 1 | |a Lê, Thị Nguyệt Ánh | |
| 245 | 1 | |a Tìm hiểu hiện trạng sử dụng tài nguyên đất nông nghiệp ở huyện Hương Sơn - tỉnh Hà Tỉnh. Định hướng và một số giải pháp sử dụng đất trong sản xuất nông nghiệp đến năm 2015 |c Lê, Thị Nguyệt Ánh | |
| 260 | |a Đại học Đà Nẵng |b Trường Đại học Sư phạm |c 2010 | ||
| 300 | |a 76 tr. [7 tr.] |b bản đồ + ảnh m.họa |c 29 cm | ||
| 490 | |a Khóa luận tốt nghiệp Đại học. Chuyên ngành: Sư phạm Địa lý | ||
| 500 | |a Tham khảo + phụ lục [7 tr.] | ||
| 520 | |a Cơ sở lí luận. Thực trạng sử dụng đất nông nghiệp và các nhân tố ảnh hưởng đến việc sử dụng đất nông nghiệp của huyện Hương Sơn. Định hướng và một số giải pháp sử dụng đất trong sản xuất nông nghiệp của huyện Hương Sơn đến năm 2015 | ||
| 653 | |a Khóa luận tốt nghiệp Đại học | ||
| 653 | |a Khoa Địa lý | ||
| 700 | 1 | |a Trương, Phước Minh |c TS |e Hướng dẫn | |
| OWN | |a LSP | ||
| AVA | |a UDN50 |b LSP |d 333.76 LÊ-A |e available |t Error 5001 Not defined in file expand_doc_bib_avail. |f 1 |g 0 |h N |i 0 |k 1 | ||
| 999 | |a From the UDN01 | ||
| AVA | |a UDN50 |b LSP |d 333.76 LÊ-A |e available |t Error 5001 Not defined in file expand_doc_bib_avail. |f 1 |g 0 |h N |i 0 |k 1 | ||
| TYP | |a Monograph | ||
| TYP | |a Printed language | ||
| 980 | |a Mạng thư viện Đại học Đà Nẵng | ||